Loading...
| Fine Arts - Auditory Fine Arts | 4 | 10.00 | 75% | 25% | 0% |
| Fine Arts - Other Fine Arts | 6 | 10.00 | 83% | 17% | 0% |
| Fine Arts - Visual Fine Arts | 1 | 10.00 | 100% | 0% | 0% |
| Geography | 1 | 10.00 | 100% | 0% | 0% |
| History - American History | 1 | 10.00 | 100% | 0% | 0% |
| History - European History | 4 | 10.00 | 100% | 0% | 0% |
| History - Other History | 2 | 20.00 | 100% | 100% | 0% |
| History - World History | 3 | 13.33 | 100% | 33% | 0% |
| Literature - American Literature | 5 | 10.00 | 60% | 0% | 40% |
| Literature - British Literature | 2 | 5.00 | 0% | 50% | 0% |
| Literature - European Literature | 4 | 10.00 | 100% | 0% | 0% |
| Literature - World Literature | 3 | 13.33 | 100% | 33% | 0% |
| Mythology | 2 | 20.00 | 100% | 100% | 0% |
| Other Academic | 1 | 10.00 | 100% | 0% | 0% |
| Philosophy | 3 | 6.67 | 67% | 0% | 0% |
| Religion | 5 | 18.00 | 100% | 60% | 20% |
| Science - Biology | 3 | 16.67 | 100% | 67% | 0% |
| Science - Chemistry | 3 | 13.33 | 100% | 33% | 0% |
| Science - Other Science | 2 | 10.00 | 50% | 50% | 0% |
| Science - Physics | 2 | 10.00 | 100% | 0% | 0% |
| Social Science | 4 | 10.00 | 75% | 25% | 0% |